000 00648nam a22002057a 4500
003 OSt
005 20160721151117.0
008 150522b xxu||||| |||| 00| 0 eng d
020 _a1573041366
040 _cDNLM
082 _aWC17 A65g 2000.
100 _aEdited by Mandell,L.Gerald,Diamond,D.Richard;
_910335
245 _aAtlas of Infectious Diseases:
_bFungal Infections.
260 _aPhiladelphia:
_bChurchill Livingstone;
_c2000.
300 _aix, different numbering:
_bcol.ill;
_c28 cm
504 _aIncludes bibliographical references and index
650 _2Fungal infections
700 _aMandell Gerald L.
_94868
942 _2z
_cO_SHELF
999 _c4819
_d4819